[Event "Titled Tuesday intern op 30th May Late"]
[Site "Chess.com INT"]
[Date "2023.05.30"]
[Round "5"]
[White "Tarasova, Viktoriya"]
[Black "Vidal del Rio, Manuel"]
[Result "0-1"]
[WhiteElo "2226"]
[BlackElo "2098"]
[PlyCount "106"]
[EventDate "2023.05.30"]
[EventType "swiss (blitz)"]
[EventRounds "11"]
[EventCountry "USA"]
[SourceTitle "CBM 214 Extra"]
[Source "ChessBase"]
[SourceDate "2023.07.31"]
[SourceVersion "1"]
[SourceVersionDate "2023.07.31"]
[SourceQuality "1"]

1. d4 d5 2. c4 e6 3. Nc3 a6 4. cxd5 exd5 5. Bf4 Nf6 6. e3 Bd6 7. Bxd6 Qxd6 8. Bd3 0-0 9. Nge2 Re8 10. h3 Nbd7 11. 0-0 Nf8 12. Ng3 g6 13. Re1 Ne6 14. Qd2 Ng7 15. Rad1 c6 16. Nce2 Bd7 17. f3 Ngh5 18. Nf1 Re7 19. g4 Ng7 20. Nf4 Rae8 21. Ng2 Bc8 22. Qf2 Nd7 23. Ng3 Nf8 24. e4 dxe4 25. fxe4 c5 26. d5 Re5 27. Ne3 b5 28. a4 Bd7 29. axb5 axb5 30. Rf1 c4 31. Bc2 f5 32. gxf5 gxf5 33. Nexf5 Nxf5 34. exf5 Re3 35. Kg2 h5 36. f6 Kf7 37. Rd4 h4 38. Rxh4 Qxd5+ 39. Kg1 Bc6 40. Ne4 R8xe4 41. Bxe4 Rxe4 42. Rxe4 Qxe4 43. Qg3 Qd4+ 44. Kh2 Ne6 45. Rf2 b4 46. h4 Qd5 47. Rg2 Qxg2+ 48. Qxg2 Bxg2 49. Kxg2 c3 50. bxc3 bxc3 51. h5 c2 52. Kg3 c1Q 53. h6 Qxh6 0-1

[Event "Titled Tuesday intern op 30th May Late"]
[Site "Chess.com INT"]
[Date "2023.05.30"]
[Round "4"]
[White "Vidal del Rio, Manuel"]
[Black "Prieto Aranguren, Alain"]
[Result "1-0"]
[WhiteElo "2098"]
[BlackElo "2258"]
[PlyCount "73"]
[EventDate "2023.05.30"]
[EventType "swiss (blitz)"]
[EventRounds "11"]
[EventCountry "USA"]
[SourceTitle "CBM 214 Extra"]
[Source "ChessBase"]
[SourceDate "2023.07.31"]
[SourceVersion "1"]
[SourceVersionDate "2023.07.31"]
[SourceQuality "1"]

1. e4 c6 2. d4 d5 3. e5 c5 4. dxc5 Nc6 5. f4 e6 6. Be3 d4 7. Bf2 Bxc5 8. Nf3 Nge7 9. Bd3 Nd5 10. g3 Ne3 11. Qe2 Qb6 12. c3 dxc3 13. Nxc3 Nb4 14. Be4 Nec2+ 15. Bxc2 Bxf2+ 16. Qxf2 Qxf2+ 17. Kxf2 Nxc2 18. Rac1 Nb4 19. Rhd1 0-0 20. a3 Nc6 21. Nd4 Nxd4 22. Rxd4 b6 23. Ne4 Bb7 24. Nd6 Bd5 25. Rd3 f6 26. exf6 Rxf6 27. Nb5 Raf8 28. Re3 Rh6 29. Kg1 Rhf6 30. Nc3 Bb7 31. Ne2 g5 32. Rc7 Bd5 33. Rxa7 gxf4 34. Nxf4 Ba8 35. Rxe6 Rxe6 36. Nxe6 Re8 37. Nc7 1-0

[Event "Titled Tuesday intern op 16th May Late"]
[Site "Chess.com INT"]
[Date "2023.05.16"]
[Round "8"]
[White "Bastos Seixas, Pedro Lucas"]
[Black "Vidal del Rio, Manuel"]
[Result "1-0"]
[WhiteElo "2055"]
[BlackElo "2098"]
[PlyCount "101"]
[EventDate "2023.05.16"]
[EventType "swiss (blitz)"]
[EventRounds "11"]
[EventCountry "USA"]
[SourceTitle "CBM 214 Extra"]
[Source "ChessBase"]
[SourceDate "2023.07.31"]
[SourceVersion "1"]
[SourceVersionDate "2023.07.31"]
[SourceQuality "1"]

1. d4 d5 2. Nf3 e6 3. Bf4 c5 4. c3 Nc6 5. e3 Qb6 6. Qb3 c4 7. Qc2 Nf6 8. Nbd2 Be7 9. Be2 0-0 10. 0-0 Ne8 11. h3 Bd6 12. Bxd6 Nxd6 13. b3 cxb3 14. axb3 a6 15. Rab1 Bd7 16. e4 dxe4 17. Nxe4 Nxe4 18. Qxe4 Ne7 19. Bd3 Nf5 20. c4 g6 21. g4 Nd6 22. Qf4 f6 23. c5 e5 24. Qh6 Nf7 25. Qxg6+ hxg6 26. cxb6 Bc6 27. Nh4 e4 28. Bc4 Kg7 29. d5 Bd7 30. Rbe1 Ng5 31. Kh2 Rh8 32. Kg3 Rh7 33. f4 exf3 34. Nxf3 Rxh3+ 35. Kg2 Bxg4 36. Nxg5 fxg5 37. Re7+ Kh6 38. d6 Rh8 39. Rff7 Bf5 40. Rxf5 gxf5 41. Kxh3 Kg6+ 42. Kg3 f4+ 43. Kf3 Kf5 44. Rxb7 g4+ 45. Kg2 f3+ 46. Kg1 g3 47. Rf7+ Ke5 48. Rxf3 Kxd6 49. Rxg3 Kc6 50. Rg6+ Kc5 51. Bxa6 1-0

[Event "Titled Tuesday intern op 16th May Late"]
[Site "Chess.com INT"]
[Date "2023.05.16"]
[Round "4"]
[White "Vidal del Rio, Manuel"]
[Black "Gerbelli Neto, Eduardo"]
[Result "0-1"]
[WhiteElo "2098"]
[BlackElo "2114"]
[PlyCount "104"]
[EventDate "2023.05.16"]
[EventType "swiss (blitz)"]
[EventRounds "11"]
[EventCountry "USA"]
[SourceTitle "CBM 214 Extra"]
[Source "ChessBase"]
[SourceDate "2023.07.31"]
[SourceVersion "1"]
[SourceVersionDate "2023.07.31"]
[SourceQuality "1"]

1. d4 d5 2. c4 c6 3. Nc3 Nf6 4. e3 e6 5. Nf3 Nbd7 6. Bd3 dxc4 7. Bxc4 b5 8. Bd3 a6 9. 0-0 c5 10. Bd2 Bb7 11. Rc1 Qb6 12. Ne2 c4 13. Bb1 Ne4 14. Be1 Be7 15. Nc3 Ndf6 16. Nxe4 Nxe4 17. Nd2 Nf6 18. f3 0-0 19. Bf2 Nd5 20. Re1 Rad8 21. Ne4 f5 22. Nc3 Nf6 23. Qc2 Qc6 24. Rcd1 Bb4 25. a3 Ba5 26. Re2 Bc7 27. Bg3 Bb6 28. Bf2 Nd5 29. Nxd5 Qxd5 30. e4 Qc6 31. exf5 exf5 32. d5 Bxf2+ 33. Rxf2 Rxd5 34. Rxd5 Qxd5 35. h4 g6 36. h5 Rd8 37. Kh2 Qd1 38. Qe2 Qxe2 39. Rxe2 Kf7 40. hxg6+ hxg6 41. Kg3 Rd1 42. Bc2 Rg1 43. Kf2 Rc1 44. Rd2 Ke6 45. g4 fxg4 46. fxg4 g5 47. Bf5+ Kf6 48. Ke3 Re1+ 49. Kd4 Bf3 50. Kc5 Re5+ 51. Kb6 Re2 52. Rd6+ Ke5 0-1

[Event "Titled Tuesday intern op 25th Apr Late"]
[Site "Chess.com INT"]
[Date "2023.04.25"]
[Round "1"]
[White "Remolar Gallen, Jose"]
[Black "Vidal del Rio, Manuel"]
[Result "0-1"]
[WhiteElo "2283"]
[BlackElo "2113"]
[PlyCount "146"]
[EventDate "2023.04.25"]
[EventType "swiss (blitz)"]
[EventRounds "11"]
[EventCountry "USA"]
[SourceTitle "EXT 2024"]
[Source "ChessBase"]
[SourceDate "2023.10.10"]
[SourceVersion "1"]
[SourceVersionDate "2023.10.10"]
[SourceQuality "1"]

1. e4 e5 2. Nf3 Nc6 3. Bb5 a6 4. Ba4 Nf6 5. d3 Bc5 6. 0-0 h6 7. c3 b5 8. Bb3 d6 9. Re1 0-0 10. Nbd2 Be6 11. Nf1 Re8 12. Be3 Bxe3 13. Nxe3 Ne7 14. Bc2 c5 15. d4 Qc7 16. a4 b4 17. d5 Bd7 18. Nh4 bxc3 19. bxc3 Rab8 20. Rb1 Rxb1 21. Bxb1 Rb8 22. Nc4 Ne8 23. Bd3 Qd8 24. Nf3 Nc8 25. Ne3 a5 26. Qc2 Nb6 27. Bb5 Nc7 28. c4 Ra8 29. g3 Na6 30. Nh4 Nb4 31. Qd2 Qf6 32. Nef5 Bxf5 33. Nxf5 Rf8 34. Rf1 Nc8 35. Qe3 Ne7 36. g4 Ng6 37. Kh1 Nf4 38. Rg1 Nc2 39. Qg3 Nd4 40. Re1 Nc2 41. Rc1 Nb4 42. Rd1 Ne2 43. Qe3 Nd4 44. Qg3 Kh7 45. h4 g6 46. Ne3 Qf4 47. Kg2 Ne2 48. Qf3 Qxf3+ 49. Kxf3 Nd4+ 50. Kg3 Kg7 51. f4 f5 52. fxe5 f4+ 53. Kh2 fxe3 54. exd6 e2 55. Re1 Nd3 56. Rxe2 Nxe2 57. d7 Ne5 58. Kg2 Rd8 59. Kf2 Nd4 60. Ke3 Nxd7 61. Kf4 Kf6 62. g5+ hxg5+ 63. hxg5+ Ke7 64. e5 Nf5 65. Ke4 Nb8 66. d6+ Ke6 67. Kf4 Nxd6 68. exd6 Rxd6 69. Ke4 Rd4+ 70. Ke3 Nd7 71. Ba6 Ne5 72. Bc8+ Kd6 73. Bb7 Nxc4+ 0-1

[Event "Titled Tuesday intern op 25th Apr Late"]
[Site "Chess.com INT"]
[Date "2023.04.25"]
[Round "2"]
[White "Simonian, Hrair"]
[Black "Vidal del Rio, Manuel"]
[Result "1-0"]
[WhiteElo "2431"]
[BlackElo "2113"]
[PlyCount "67"]
[EventDate "2023.04.25"]
[EventType "swiss (blitz)"]
[EventRounds "11"]
[EventCountry "USA"]
[SourceTitle "EXT 2024"]
[Source "ChessBase"]
[SourceDate "2023.10.10"]
[SourceVersion "1"]
[SourceVersionDate "2023.10.10"]
[SourceQuality "1"]

1. e4 e5 2. Nf3 Nc6 3. Bb5 a6 4. Ba4 Nf6 5. 0-0 Be7 6. Bxc6 dxc6 7. d3 Bg4 8. h3 Bh5 9. Nbd2 0-0 10. Nc4 Bd6 11. Bg5 h6 12. Bh4 g5 13. Bg3 g4 14. hxg4 Bxg4 15. Ncxe5 Bxe5 16. Bxe5 Qe7 17. Bf4 Kh7 18. Qe2 Rg8 19. Qe3 Bh3 20. Bg3 Bd7 21. Nh4 Rg7 22. Rae1 Rag8 23. Nf5 Bxf5 24. exf5 Qd7 25. Qe5 Nd5 26. f6 Rg5 27. Qe4+ Kh8 28. c4 Nxf6 29. Qf3 Qf5 30. Qxf5 Rxf5 31. Bxc7 Ng4 32. Re4 Nf6 33. Re5 Nd7 34. Rxf5 1-0

[Event "Titled Tuesday intern op 18th Apr Late"]
[Site "Chess.com INT"]
[Date "2023.04.18"]
[Round "8"]
[White "Georg, Heinz"]
[Black "Vidal del Rio, Manuel"]
[Result "1-0"]
[WhiteElo "2147"]
[BlackElo "2113"]
[PlyCount "127"]
[EventDate "2023.04.18"]
[EventType "swiss (blitz)"]
[EventRounds "11"]
[EventCountry "USA"]
[SourceTitle "EXT 2024"]
[Source "ChessBase"]
[SourceDate "2023.10.10"]
[SourceVersion "1"]
[SourceVersionDate "2023.10.10"]
[SourceQuality "1"]

1. b4 d5 2. Bb2 Bf5 3. e3 Nf6 4. c4 e6 5. Nf3 Nbd7 6. a3 c6 7. d3 Bd6 8. Nbd2 0-0 9. cxd5 exd5 10. Be2 Re8 11. h3 Nf8 12. 0-0 Qd7 13. Nh2 Rad8 14. Bxf6 gxf6 15. Ng4 Re6 16. Nh6+ Kh8 17. Nxf5 Bc7 18. Bg4 Bb8 19. Nd4 Qc7 20. g3 Ree8 21. Qf3 Nd7 22. Bf5 Ne5 23. Qh5 Ng6 24. N2f3 Rg8 25. Kh2 Rde8 26. Rg1 Rg7 27. Bg4 Ne5 28. Nf5 Nxf3+ 29. Bxf3 Rg5 30. Qh4 Rxf5 31. Kg2 Rg8 32. e4 Rfg5 33. Bg4 dxe4 34. dxe4 Qe5 35. Rae1 Qb2 36. Re2 Qxa3 37. f4 R5g6 38. Kh2 Qxb4 39. Bf5 R6g7 40. Qxf6 Qc4 41. Reg2 Qc5 42. e5 Bc7 43. h4 Bb6 44. h5 Qf8 45. h6 Bxg1+ 46. Rxg1 Qe8 47. hxg7+ Rxg7 48. Kg2 Kg8 49. Rh1 Qf8 50. Qd6 Qe8 51. Qd7 Qf8 52. Qd6 Qe8 53. Rb1 f6 54. e6 Kh8 55. Rd1 Qg8 56. Qd8 Rxg3+ 57. Kf2 Rg2+ 58. Ke3 Rg3+ 59. Ke4 Qxd8 60. Rxd8+ Kg7 61. e7 Kf7 62. e8Q+ Kg7 63. Qg8+ Kh6 64. Qxh7# 1-0

[Event "Titled Tuesday intern op 18th Apr Late"]
[Site "Chess.com INT"]
[Date "2023.04.18"]
[Round "10"]
[White "Vidal del Rio, Manuel"]
[Black "Sariego Figueredo, Wilfredo"]
[Result "1-0"]
[WhiteElo "2113"]
[BlackElo "2318"]
[PlyCount "87"]
[EventDate "2023.04.18"]
[EventType "swiss (blitz)"]
[EventRounds "11"]
[EventCountry "USA"]
[SourceTitle "EXT 2024"]
[Source "ChessBase"]
[SourceDate "2023.10.10"]
[SourceVersion "1"]
[SourceVersionDate "2023.10.10"]
[SourceQuality "1"]

1. e4 c5 2. g3 e6 3. Bg2 Nc6 4. d3 Nf6 5. f4 Be7 6. Nf3 d5 7. e5 Ng4 8. 0-0 h5 9. h3 Nh6 10. Be3 Nf5 11. Bf2 Qb6 12. Qc1 Bd7 13. c3 Rc8 14. Nbd2 Qa6 15. Qc2 b5 16. Rfe1 d4 17. Ne4 dxc3 18. bxc3 c4 19. d4 b4 20. Nc5 Bxc5 21. dxc5 bxc3 22. Rad1 Nb4 23. Qxc3 Nd3 24. Re2 Nxf2 25. Kxf2 Rxc5 26. Red2 Rc7 27. Qb4 Qb6+ 28. Qxb6 axb6 29. Bf1 b5 30. a4 c3 31. Rxd7 Rxd7 32. Bxb5 0-0 33. Rxd7 c2 34. Rc7 Nd4 35. Nxd4 c1Q 36. Rxc1 Rd8 37. Ke3 h4 38. g4 Kh7 39. Ra1 Kg6 40. a5 Rb8 41. a6 Ra8 42. a7 Rd8 43. a8Q Rxa8 44. Rxa8 1-0

[Event "Titled Tuesday intern op 18th Apr Late"]
[Site "Chess.com INT"]
[Date "2023.04.18"]
[Round "3"]
[White "Vidal del Rio, Manuel"]
[Black "Seder, Mohamad"]
[Result "0-1"]
[WhiteElo "2113"]
[BlackElo "2024"]
[PlyCount "86"]
[EventDate "2023.04.18"]
[EventType "swiss (blitz)"]
[EventRounds "11"]
[EventCountry "USA"]
[SourceTitle "EXT 2024"]
[Source "ChessBase"]
[SourceDate "2023.10.10"]
[SourceVersion "1"]
[SourceVersionDate "2023.10.10"]
[SourceQuality "1"]

1. e4 c5 2. g3 Nc6 3. Bg2 g6 4. d3 Bg7 5. f4 e6 6. Nf3 d5 7. e5 Nh6 8. 0-0 b5 9. Be3 Qb6 10. h3 Nf5 11. Bf2 h5 12. Nbd2 Bb7 13. Nb3 d4 14. Nbd2 c4 15. Ne4 Rd8 16. Nf6+ Bxf6 17. exf6 Ne3 18. Qe2 Nxf1 19. Rxf1 Nb4 20. a3 Bxf3 21. Bxf3 cxd3 22. cxd3 Nd5 23. Rc1 0-0 24. Bxh5 Nxf6 25. Bf3 Rc8 26. Re1 Nd5 27. Qe5 Ne3 28. Rxe3 dxe3 29. Bxe3 Rc1+ 30. Kf2 Rc2+ 31. Be2 Qc7 32. Qf6 Rd8 33. Kf3 Qc6+ 34. Kg4 Qd7 35. Bf3 e5+ 36. f5 Qxf5+ 37. Qxf5 gxf5+ 38. Kxf5 Rxd3 39. Be4 Rxe3 40. Bxc2 Rxg3 41. Kxe5 Rxh3 42. Kd6 Rh5 43. Bd3 Rh3 0-1

[Event "Titled Tuesday intern op 04th Apr Late"]
[Site "Chess.com INT"]
[Date "2023.04.04"]
[Round "11"]
[White "Ozalp, Burak"]
[Black "Vidal del Rio, Manuel"]
[Result "1-0"]
[WhiteElo "2206"]
[BlackElo "2113"]
[PlyCount "69"]
[EventDate "2023.04.04"]
[EventType "swiss (blitz)"]
[EventRounds "11"]
[EventCountry "USA"]
[SourceTitle "EXT 2024"]
[Source "ChessBase"]
[SourceDate "2023.10.10"]
[SourceVersion "1"]
[SourceVersionDate "2023.10.10"]
[SourceQuality "1"]

1. d4 d5 2. c4 e6 3. Nf3 Nf6 4. Nc3 a6 5. cxd5 exd5 6. Bf4 Bd6 7. Bxd6 Qxd6 8. e3 0-0 9. Bd3 Nc6 10. h3 Ne7 11. 0-0 Bf5 12. Rc1 c6 13. Na4 Qc7 14. Ne5 g6 15. Nc5 Bxd3 16. Qxd3 Nf5 17. b4 Nd6 18. a4 b5 19. a5 Nc4 20. f3 Rfd8 21. f4 Ne8 22. Rf3 Ned6 23. f5 Ne4 24. Nxe4 Nxe5 25. Nf6+ Kg7 26. dxe5 Qxe5 27. Ng4 Qb2 28. Qd4+ Qxd4 29. exd4 Re8 30. Rcf1 h5 31. Ne5 g5 32. f6+ Kh6 33. Nxf7+ Kg6 34. Ne5+ Kh6 35. f7 1-0

[Event "Titled Tuesday intern op 04th Apr Late"]
[Site "Chess.com INT"]
[Date "2023.04.04"]
[Round "8"]
[White "Vidal del Rio, Manuel"]
[Black "Korol, Dimitry"]
[Result "1-0"]
[WhiteElo "2113"]
[BlackElo "2287"]
[PlyCount "67"]
[EventDate "2023.04.04"]
[EventType "swiss (blitz)"]
[EventRounds "11"]
[EventCountry "USA"]
[SourceTitle "EXT 2024"]
[Source "ChessBase"]
[SourceDate "2023.10.10"]
[SourceVersion "1"]
[SourceVersionDate "2023.10.10"]
[SourceQuality "1"]

1. e4 c5 2. Nf3 d6 3. Bb5+ Nd7 4. 0-0 Ngf6 5. Re1 a6 6. Bf1 e5 7. c3 Be7 8. d4 0-0 9. h3 Re8 10. Bd2 Qc7 11. Na3 b5 12. Nc2 Bb7 13. d5 Bf8 14. a4 c4 15. axb5 axb5 16. Rxa8 Rxa8 17. Nb4 Nc5 18. Qc2 g6 19. g3 Bg7 20. Bg2 h6 21. Nh2 Kh7 22. Ng4 Ng8 23. Ne3 h5 24. Rf1 Re8 25. Kh2 Nh6 26. Ra1 Ra8 27. Rxa8 Bxa8 28. Qd1 Qa5 29. Qf3 Qa1 30. Nd1 Qb1 31. Qe2 f5 32. exf5 Nxf5 33. f4 exf4 34. Bxf4 1-0

[Event "Titled Tuesday intern op 21st Mar Late"]
[Site "Chess.com INT"]
[Date "2023.03.21"]
[Round "1"]
[White "Vidal del Rio, Manuel"]
[Black "Sherman, Reem"]
[Result "0-1"]
[WhiteElo "2102"]
[BlackElo "2126"]
[PlyCount "50"]
[EventDate "2023.03.21"]
[EventType "swiss (blitz)"]
[EventRounds "11"]
[EventCountry "USA"]
[SourceTitle "EXT 2024"]
[Source "ChessBase"]
[SourceDate "2023.10.10"]
[SourceVersion "1"]
[SourceVersionDate "2023.10.10"]
[SourceQuality "1"]

1. e4 g6 2. d4 b6 3. Nc3 Bg7 4. Nf3 Bb7 5. Bd3 d6 6. 0-0 Nd7 7. Re1 Ngf6 8. h3 0-0 9. Be3 e5 10. Qd2 Nh5 11. g3 f5 12. Bg5 Qe8 13. exf5 Bxf3 14. g4 Nf4 15. Bxf4 gxf5 16. Bxf5 Rxf5 17. gxf5 Qh5 18. Kh2 Bg4 19. Qd3 exf4 20. Rg1 Bxf5 21. Qc4+ Kh8 22. Qf1 Bxd4 23. Nd5 f3 24. Nf4 Be5 25. Qc4 Qxh3# 0-1

[Event "Titled Tuesday intern op 14th Mar Late"]
[Site "Chess.com INT"]
[Date "2023.03.14"]
[Round "8"]
[White "Kraus, Tomas"]
[Black "Vidal del Rio, Manuel"]
[Result "0-1"]
[WhiteElo "2486"]
[BlackElo "2102"]
[PlyCount "104"]
[EventDate "2023.03.14"]
[EventType "swiss (blitz)"]
[EventRounds "11"]
[EventCountry "USA"]
[SourceTitle "EXT 2024"]
[Source "ChessBase"]
[SourceDate "2023.10.10"]
[SourceVersion "1"]
[SourceVersionDate "2023.10.10"]
[SourceQuality "1"]

1. e4 c5 2. Nc3 Nc6 3. f4 g6 4. Nf3 Bg7 5. g3 e6 6. Bg2 Nge7 7. 0-0 0-0 8. d3 d5 9. e5 b6 10. g4 f6 11. exf6 Bxf6 12. Re1 Qc7 13. Qe2 Nd4 14. Nxd4 Bxd4+ 15. Kh1 Bd7 16. a4 a6 17. Bd2 Rae8 18. Rad1 Nc6 19. Qf3 Bg7 20. Qh3 Nd4 21. Rc1 b5 22. axb5 axb5 23. b3 b4 24. Ne2 Nb5 25. Ng3 Ra8 26. Rf1 Ra2 27. f5 Nd4 28. fxe6 Bxe6 29. Rxf8+ Bxf8 30. Re1 Qd7 31. Bh6 Bxg4 32. Qh4 Be6 33. Bxf8 Kxf8 34. Rf1+ Kg8 35. Qf6 Qf7 36. Qd8+ Kg7 37. Rxf7+ Bxf7 38. Bxd5 Rxc2 39. Bxf7 Kxf7 40. Qd7+ Kf6 41. Ne4+ Ke5 42. Qd6+ Kf5 43. Qd5+ Kf4 44. Qg5+ Kf3 45. Qg3+ Ke2 46. Qf2+ Kxd3 47. Qf1+ Kxe4 48. Qe1+ Kd3 49. Qd1+ Kc3 50. Qb1 Nxb3 51. h3 Rc1+ 52. Qxc1+ Nxc1 0-1

[Event "Titled Tuesday intern op 14th Mar Late"]
[Site "Chess.com INT"]
[Date "2023.03.14"]
[Round "10"]
[White "Vidal del Rio, Manuel"]
[Black "Heinemann, Josefine"]
[Result "0-1"]
[WhiteElo "2102"]
[BlackElo "2343"]
[PlyCount "72"]
[EventDate "2023.03.14"]
[EventType "swiss (blitz)"]
[EventRounds "11"]
[EventCountry "USA"]
[SourceTitle "EXT 2024"]
[Source "ChessBase"]
[SourceDate "2023.10.10"]
[SourceVersion "1"]
[SourceVersionDate "2023.10.10"]
[SourceQuality "1"]

1. e4 c6 2. d4 d5 3. e5 Bf5 4. Bd3 Bxd3 5. Qxd3 e6 6. c3 Nd7 7. Ne2 c5 8. 0-0 a6 9. Nd2 h5 10. f4 Nh6 11. Nf3 Nf5 12. Be3 Be7 13. Bf2 h4 14. g4 hxg3 15. hxg3 Qb6 16. dxc5 Bxc5 17. Ned4 Nh6 18. b4 Bxd4 19. Bxd4 Qc7 20. Kg2 Nb6 21. Rh1 Nc4 22. Nd2 Nxd2 23. Qxd2 Kd7 24. Bc5 b6 25. Bd6 Qc4 26. Qe3 Nf5 27. Qxb6 Qe2+ 28. Qf2 Ne3+ 29. Kg1 Rxh1+ 30. Kxh1 Rh8+ 31. Kg1 Rh1+ 32. Kxh1 Qxf2 33. Rg1 Ng4 34. Rg2 Qf1+ 35. Rg1 Qf3+ 36. Rg2 Ne3 0-1

[Event "Titled Tuesday intern op 14th Mar Late"]
[Site "Chess.com INT"]
[Date "2023.03.14"]
[Round "9"]
[White "Vidal del Rio, Manuel"]
[Black "Skaric, Djuro"]
[Result "1-0"]
[WhiteElo "2102"]
[BlackElo "2334"]
[PlyCount "115"]
[EventDate "2023.03.14"]
[EventType "swiss (blitz)"]
[EventRounds "11"]
[EventCountry "USA"]
[SourceTitle "EXT 2024"]
[Source "ChessBase"]
[SourceDate "2023.10.10"]
[SourceVersion "1"]
[SourceVersionDate "2023.10.10"]
[SourceQuality "1"]

1. e4 e6 2. d4 d5 3. e5 c5 4. c3 Nc6 5. Nf3 Bd7 6. Be2 cxd4 7. cxd4 Qb6 8. a3 f6 9. exf6 Nxf6 10. 0-0 Bd6 11. b4 0-0 12. Bb2 Ne4 13. Nbd2 Nxd2 14. Qxd2 Ne7 15. Ne5 Be8 16. Rac1 a6 17. Bg4 Bb8 18. Qg5 Bxe5 19. Qxe5 Bf7 20. Rc7 Ng6 21. Qg3 Rae8 22. Rfc1 Re7 23. h4 Rfe8 24. h5 Nf8 25. h6 gxh6 26. Bxe6+ Ng6 27. Bxf7+ Rxf7 28. Rxf7 Kxf7 29. Qf3+ Ke6 30. Rc5 Qd6 31. Bc1 Rf8 32. Qg4+ Ke7 33. Bxh6 Rf4 34. Bxf4 Nxf4 35. Qg5+ Kf7 36. Qe5 Qxe5 37. dxe5 Ke6 38. Rc7 d4 39. Kf1 d3 40. Ke1 Nxg2+ 41. Kd2 Nf4 42. Rxh7 b5 43. Ra7 Kxe5 44. Rxa6 Kd4 45. Rd6+ Kc4 46. Rc6+ Kd4 47. Rc5 Nh3 48. f3 Ng1 49. Rf5 Nh3 50. Rf8 Kc4 51. f4 Ng1 52. f5 Nf3+ 53. Kd1 Nd4 54. f6 Kb3 55. f7 Ne6 56. Re8 Nd4 57. f8Q Ne2 58. Rxe2 1-0

[Event "Titled Tuesday intern op 7th Mar Late"]
[Site "Chess.com INT"]
[Date "2023.03.07"]
[Round "4"]
[White "Druzhinina, Olga"]
[Black "Vidal del Rio, Manuel"]
[Result "1-0"]
[WhiteElo "2245"]
[BlackElo "2102"]
[PlyCount "87"]
[EventDate "2023.03.07"]
[EventType "swiss (blitz)"]
[EventRounds "11"]
[EventCountry "USA"]
[SourceTitle "EXT 2024"]
[Source "ChessBase"]
[SourceDate "2023.10.10"]
[SourceVersion "1"]
[SourceVersionDate "2023.10.10"]
[SourceQuality "1"]

1. e4 e5 2. Nf3 Nc6 3. d4 exd4 4. Nxd4 Nf6 5. Nxc6 bxc6 6. e5 Qe7 7. Qe2 Nd5 8. h4 d6 9. exd6 cxd6 10. Qxe7+ Bxe7 11. c3 0-0 12. Be2 Re8 13. Kf1 Rb8 14. Nd2 Nf4 15. Bf3 Bd7 16. Nb3 Nd3 17. g3 c5 18. Be2 Nxc1 19. Rxc1 Be6 20. Bd1 Bf6 21. h5 h6 22. g4 Bg5 23. Ra1 Bc4+ 24. Kg2 Bd5+ 25. Bf3 Bxb3 26. axb3 Rxb3 27. Rxa7 Rxb2 28. Bd5 Ree2 29. Rxf7 Kh7 30. Rf1 Bf6 31. Kf3 Bxc3 32. Be4+ Rxe4 33. Kxe4 Bf6 34. f4 Rb4+ 35. Kd5 Rd4+ 36. Ke6 c4 37. Kf5 c3 38. g5 hxg5 39. fxg5 Rd5+ 40. Ke4 Rxg5 41. Rh1 Kh6 42. Kd3 d5 43. Rf8 d4 44. Rh8# 1-0

[Event "Titled Tuesday intern op 7th Mar Late"]
[Site "Chess.com INT"]
[Date "2023.03.07"]
[Round "5"]
[White "Garcia Correa, Jose Ricardo"]
[Black "Vidal del Rio, Manuel"]
[Result "0-1"]
[WhiteElo "2103"]
[BlackElo "2102"]
[PlyCount "62"]
[EventDate "2023.03.07"]
[EventType "swiss (blitz)"]
[EventRounds "11"]
[EventCountry "USA"]
[SourceTitle "EXT 2024"]
[Source "ChessBase"]
[SourceDate "2023.10.10"]
[SourceVersion "1"]
[SourceVersionDate "2023.10.10"]
[SourceQuality "1"]

1. e4 c5 2. Nf3 Nc6 3. d4 cxd4 4. Nxd4 Nf6 5. Nxc6 bxc6 6. Bd3 e5 7. 0-0 d5 8. Nd2 Bd6 9. h3 0-0 10. Qf3 Bb7 11. b3 Bb4 12. a3 Bc3 13. Rb1 Bxd2 14. Bxd2 dxe4 15. Bxe4 Nxe4 16. Bb4 c5 17. Rfd1 Qc7 18. Be1 Rad8 19. Qf5 Nf6 20. Bc3 Rxd1+ 21. Rxd1 Re8 22. f3 Nd5 23. Bd2 c4 24. Re1 f6 25. f4 c3 26. Bc1 Qb6+ 27. Kh2 Qf2 28. Qe4 Ba8 29. Re2 Qb6 30. Qc4 Qc7 31. fxe5 Qxc4 0-1

[Event "Titled Tuesday intern op 7th Mar Late"]
[Site "Chess.com INT"]
[Date "2023.03.07"]
[Round "2"]
[White "Vaglio Munoz, Jaime"]
[Black "Vidal del Rio, Manuel"]
[Result "1-0"]
[WhiteElo "2174"]
[BlackElo "2102"]
[PlyCount "69"]
[EventDate "2023.03.07"]
[EventType "swiss (blitz)"]
[EventRounds "11"]
[EventCountry "USA"]
[SourceTitle "EXT 2024"]
[Source "ChessBase"]
[SourceDate "2023.10.10"]
[SourceVersion "1"]
[SourceVersionDate "2023.10.10"]
[SourceQuality "1"]

1. Nf3 d5 2. d3 Nf6 3. Nbd2 Nc6 4. e4 dxe4 5. dxe4 e5 6. Bb5 Bd6 7. 0-0 0-0 8. h3 Nd4 9. Nxd4 exd4 10. f4 Bc5 11. Bd3 Re8 12. Qf3 Bd7 13. e5 Bc6 14. Qg3 Nd5 15. Ne4 Bf8 16. Ng5 h6 17. Bh7+ Kh8 18. Nxf7+ Kxh7 19. Nxd8 Raxd8 20. f5 Bb5 21. Rf3 Be2 22. Rf2 Bh5 23. Qh4 Bf7 24. Bg5 Be7 25. f6 gxf6 26. Qxh6+ Kg8 27. e6 Bxe6 28. Qg6+ Kh8 29. Bxf6+ Nxf6 30. Rxf6 Bxf6 31. Qxf6+ Kg8 32. Qg6+ Kh8 33. Rf1 Bc4 34. Rf4 Re1+ 35. Kh2 1-0

[Event "Titled Tuesday intern op 7th Mar Late"]
[Site "Chess.com INT"]
[Date "2023.03.07"]
[Round "3"]
[White "Vidal del Rio, Manuel"]
[Black "Uzcategui Rodriguez, Alejandro"]
[Result "0-1"]
[WhiteElo "2102"]
[BlackElo "2248"]
[PlyCount "32"]
[EventDate "2023.03.07"]
[EventType "swiss (blitz)"]
[EventRounds "11"]
[EventCountry "USA"]
[SourceTitle "EXT 2024"]
[Source "ChessBase"]
[SourceDate "2023.10.10"]
[SourceVersion "1"]
[SourceVersionDate "2023.10.10"]
[SourceQuality "1"]

1. e4 e6 2. d4 d5 3. e5 c5 4. c3 Nc6 5. Nf3 cxd4 6. Bd3 dxc3 7. Nxc3 f6 8. exf6 Nxf6 9. 0-0 Bd6 10. Re1 0-0 11. Bg5 h6 12. Bh4 Qe8 13. Bb5 Qh5 14. Bg3 Bxg3 15. hxg3 Ng4 16. Ne2 Rxf3 0-1